<?xml version="1.0" encoding="UTF-8"?>
<record
    xmlns:xsi="http://www.w3.org/2001/XMLSchema-instance"
    xsi:schemaLocation="http://www.loc.gov/MARC21/slim http://www.loc.gov/standards/marcxml/schema/MARC21slim.xsd"
    xmlns="http://www.loc.gov/MARC21/slim">

  <leader>00796nam a22001937a 4500</leader>
  <controlfield tag="005">20220325101704.0</controlfield>
  <controlfield tag="008">220325b           ||||| |||| 00| 0 eng d</controlfield>
  <datafield tag="040" ind1=" " ind2=" ">
    <subfield code="c">AL</subfield>
  </datafield>
  <datafield tag="041" ind1=" " ind2=" ">
    <subfield code="a">Kannada</subfield>
  </datafield>
  <datafield tag="082" ind1=" " ind2=" ">
    <subfield code="2">23</subfield>
    <subfield code="a">954.87K</subfield>
    <subfield code="b">PRAS</subfield>
  </datafield>
  <datafield tag="100" ind1=" " ind2=" ">
    <subfield code="a">Mahadeva Prakash &#xCAE;&#xCB9;&#xCBE;&#xCA6;&#xCC7;&#xCB5; &#xCAA;&#xCCD;&#xCB0;&#xC95;&#xCBE;&#xCB6; </subfield>
    <subfield code="9">25810</subfield>
  </datafield>
  <datafield tag="245" ind1=" " ind2=" ">
    <subfield code="a">Swatantra Poorva Karnataka Itihasa &#xCB8;&#xCCD;&#xCB5;&#xCBE;&#xCA4;&#xC82;&#xCA4;&#xCCD;&#xCB0;&#xCCD;&#xCAF; &#xCAA;&#xCC2;&#xCB0;&#xCCD;&#xCB5; &#xC95;&#xCB0;&#xCCD;&#xCA8;&#xCBE;&#xC9F;&#xC95; &#xC87;&#xCA4;&#xCBF;&#xCB9;&#xCBE;&#xCB8; </subfield>
  </datafield>
  <datafield tag="260" ind1=" " ind2=" ">
    <subfield code="a">Bengaluru</subfield>
    <subfield code="b"> IBH Prakaashana</subfield>
    <subfield code="c">2021</subfield>
  </datafield>
  <datafield tag="300" ind1=" " ind2=" ">
    <subfield code="a">xix,553 p.</subfield>
    <subfield code="b">HB</subfield>
    <subfield code="c">22.5x15 cm.</subfield>
  </datafield>
  <datafield tag="365" ind1=" " ind2=" ">
    <subfield code="a">BLCR-000132 </subfield>
    <subfield code="b">&#x20B9;480.00</subfield>
    <subfield code="c">&#x20B9;</subfield>
    <subfield code="d">&#x20B9;600.00</subfield>
    <subfield code="e">20%</subfield>
    <subfield code="f">11-03-2022</subfield>
  </datafield>
  <datafield tag="650" ind1=" " ind2=" ">
    <subfield code="a">Karnataka Itihasa  &#xC95;&#xCB0;&#xCCD;&#xCA8;&#xCBE;&#xC9F;&#xC95; &#xC87;&#xCA4;&#xCBF;&#xCB9;&#xCBE;&#xCB8; </subfield>
    <subfield code="9">25811</subfield>
  </datafield>
  <datafield tag="700" ind1=" " ind2=" ">
    <subfield code="a">PRAKASH (Mahadeva) &#xCAA;&#xCCD;&#xCB0;&#xC95;&#xCBE;&#xCB6; (&#xCAE;&#xCB9;&#xCBE;&#xCA6;&#xCC7;&#xCB5; )</subfield>
    <subfield code="9">25812</subfield>
  </datafield>
  <datafield tag="942" ind1=" " ind2=" ">
    <subfield code="2">ddc</subfield>
    <subfield code="c">BK</subfield>
  </datafield>
  <datafield tag="999" ind1=" " ind2=" ">
    <subfield code="c">222025</subfield>
    <subfield code="d">222025</subfield>
  </datafield>
  <datafield tag="952" ind1=" " ind2=" ">
    <subfield code="0">0</subfield>
    <subfield code="1">0</subfield>
    <subfield code="2">ddc</subfield>
    <subfield code="4">0</subfield>
    <subfield code="7">0</subfield>
    <subfield code="8">HIS</subfield>
    <subfield code="a">AL</subfield>
    <subfield code="b">AL</subfield>
    <subfield code="d">2022-03-12</subfield>
    <subfield code="e">Navakarnataka Publications Pvt.Ltd.</subfield>
    <subfield code="g">480.00</subfield>
    <subfield code="l">1</subfield>
    <subfield code="o">954.87K PRAS</subfield>
    <subfield code="p">075679</subfield>
    <subfield code="r">2022-07-14 00:00:00</subfield>
    <subfield code="s">2022-05-07</subfield>
    <subfield code="v">600.00</subfield>
    <subfield code="w">2022-03-25</subfield>
    <subfield code="y">BK</subfield>
  </datafield>
</record>
